00000000nam 2200000zi 4500
0019.947423
003CaOODSP
00520250128084423
006m     o  d f      
007cr mn|||||||||
008250127t19911992oncd    ob   f000 0 eng d
020 |z0662198808
040 |aCaOODSP|beng|erda|cCaOODSP
0861 |aZ1-1989/1-41-7E-PDF|zZ1-1989/1-41-7E
1001 |aSims, W. A.|q(William Allen),|d1948- |eauthor.
24510|aExternality pricing / |cWilliam A. Sims.
264 1|a[Ottawa] : |b[Royal Commission on National Passenger Transportation], |cSeptember 1991.
264 4|c©1992
300 |a1 online resource (94 pages) : |bgraphs
336 |atext|btxt|2rdacontent
337 |acomputer|bc|2rdamedia
338 |aonline resource|bcr|2rdacarrier
500 |aIssued also in French under title: La tarification des externalités.
500 |a"Report Prepared for the Research Division, Royal Commission on National Passenger Transportation."
500 |a"RR-07."
500 |aDigitized edition from print [produced by Government of Canada Publications Directorate].
504 |aIncludes bibliographical references (pages 89-94).
650 0|aExternalities (Economics)|xMathematical models.
650 0|aTransportation|xPassenger traffic|xEconomic aspects.
650 0|aAir|xPollution|xEconomic aspects.
650 0|aNoise pollution|xEconomic aspects.
7101 |aCanada. |bRoyal Commission on National Passenger Transportation. |bResearch Division, |eissuing body.
77508|tLa tarification des externalités / |w(CaOODSP)9.947429
85640|qPDF|s5.97 MB|uhttps://publications.gc.ca/collections/collection_2025/bcp-pco/Z1-1989-1-41-7-eng.pdf